Kunci kejayaan Napoleon Hill : prinsip ini adalah kunci kepada kejayaan peribadi dan profesional anda

Bibliographic Details
Main Author: Imran Jafar
Format: Book
Published: Kuala Lumpur : Golden Books Centre , 2001
Subjects:

MARC

LEADER 00000cam a2200000 7i4500
001 0000003352
005 20050824.0
020 0 0 |a 9837204052 
090 0 0 |a 158.1   |b IMR 
100 1 0 |a Imran Jafar 
245 1 0 |a Kunci kejayaan Napoleon Hill :   |b prinsip ini adalah kunci kepada kejayaan peribadi dan profesional anda   |c Imran Jafar 
260 0 0 |a Kuala Lumpur :   |b Golden Books Centre ,   |c 2001 
300 |a vi, 268ms. ;   |c 22cm. 
650 0 0 |a Achievement motivation 
650 0 0 |a Motivation (Psychology) 
650 0 0 |a Success   |x Psychological aspects 
650 0 0 |a Thought and thinking 
999 |a 0000006320   |b Monograph   |c Open Shelf   |e Default branch